000 00531nam a2200145Ia 4500
008 100204s9999 xx 000 0 und d
082 _b11589
100 _aपंडित बाळ ज.
245 _a101 श्रेष्ठ क्रिकेट पटू
260 _b"उत्कर्ष प्रकाशन, पुणे"
_c1988
300 _a252
630 _a101 श्रेष्ठ क्रिकेट पटू
730 _a101 श्रेष्ठ क्रिकेट पटू
942 _cBOOK
999 _c456025
_d456022